00518 2200193 4500001002100000005001700021008004100038035002400079082001200103090002000115245005300135260004300188300002700231650001200258700001800270850001500288985000600303999001500309YOGYA-0209000002974720090227024355.0 ind  0010-020900000029747 a636.089 a636.089bBiolQ aTHEBIOLOGY of the coccideacEditor Peter L. Long aBaltimorebUniversity Park Pressc1982 ax,502 hlmbilusc28 cm aBakteri aLong, Peter L aYOPDYOG(B) a1 aA000011472